Essentials of Management : An International, Innovation and Leadership Perspective (Record no. 96975)
[ view plain ]
| 000 -LEADER | |
|---|---|
| fixed length control field | 00502nam a2200169Ia 4500 |
| 008 - FIXED-LENGTH DATA ELEMENTS--GENERAL INFORMATION | |
| fixed length control field | 230125s9999 xx 000 0 und d |
| 020 ## - INTERNATIONAL STANDARD BOOK NUMBER | |
| International Standard Book Number | 978-93-5316-814-8 |
| 041 ## - LANGUAGE CODE | |
| Language code of text/sound track or separate title | eng |
| 082 ## - DEWEY DECIMAL CLASSIFICATION NUMBER | |
| Classification number | 658.001 |
| Item number | KOO/ETC |
| 100 ## - MAIN ENTRY--PERSONAL NAME | |
| Personal name | Koontz H |
| 245 ## - TITLE STATEMENT | |
| Title | Essentials of Management : An International, Innovation and Leadership Perspective |
| 250 ## - EDITION STATEMENT | |
| Edition statement | 11th Ed. |
| 260 ## - PUBLICATION, DISTRIBUTION, ETC. (IMPRINT) | |
| Date of publication, distribution, etc. | 2020 |
| Name of publisher, distributor, etc. | McGraw-Hill |
| Place of publication, distribution, etc. | Tamil Nadu |
| 300 ## - PHYSICAL DESCRIPTION | |
| Extent | 590p |
| 700 ## - ADDED ENTRY--PERSONAL NAME | |
| Personal name | Koontz H; Weihrich H & Cannice M V |
| 9 (RLIN) | 118833 |
| Withdrawn status | Lost status | Source of classification or shelving scheme | Damaged status | Not for loan | Home library | Current library | Date acquired | Vendor | Cost, normal purchase price | Bill number | Full call number | Barcode | Date last seen | Cost, replacement price | Bill Date | Koha item type | Original Barcode | Total Checkouts | Date last checked out | Total Renewals |
|---|---|---|---|---|---|---|---|---|---|---|---|---|---|---|---|---|---|---|---|---|
| Dewey Decimal Classification | Smt. Hiraben Nanavati Institute of Management & Research for Women | Smt. Hiraben Nanavati Institute of Management & Research for Women | 09/03/2022 | Pritam Book Centre | 785.00 | 329 | 658.001 KOO/ETC B22217 | HIMR-BK-22217 | 25/01/2023 | 573.05 | 07/03/2022 | Books | B22217 | |||||||
| Smt. Hiraben Nanavati Institute of Management & Research for Women | Smt. Hiraben Nanavati Institute of Management & Research for Women | 09/03/2022 | Pritam Book Centre | 785.00 | 329 | 658.001 KOO/ETC B22218 | HIMR-BK-22218 | 25/01/2023 | 573.05 | 07/03/2022 | Books | B22218 | ||||||||
| Smt. Hiraben Nanavati Institute of Management & Research for Women | Smt. Hiraben Nanavati Institute of Management & Research for Women | 09/03/2022 | Pritam Book Centre | 785.00 | 329 | 658.001 KOO/ETC B22219 | HIMR-BK-22219 | 11/12/2025 | 573.05 | 07/03/2022 | Books | B22219 | 1 | 15/07/2025 | ||||||
| Smt. Hiraben Nanavati Institute of Management & Research for Women | Smt. Hiraben Nanavati Institute of Management & Research for Women | 09/03/2022 | Pritam Book Centre | 785.00 | 329 | 658.001 KOO/ETC B22220 | HIMR-BK-22220 | 02/12/2025 | 573.05 | 07/03/2022 | Books | B22220 | 1 | 20/11/2025 | 1 | |||||
| Smt. Hiraben Nanavati Institute of Management & Research for Women | Smt. Hiraben Nanavati Institute of Management & Research for Women | 09/03/2022 | Pritam Book Centre | 785.00 | 329 | 658.001 KOO/ETC B22221 | HIMR-BK-22221 | 25/01/2023 | 573.05 | 07/03/2022 | Books | B22221 |